<?xml version="1.0" encoding="UTF-8"?>
<record
    xmlns:xsi="http://www.w3.org/2001/XMLSchema-instance"
    xsi:schemaLocation="http://www.loc.gov/MARC21/slim http://www.loc.gov/standards/marcxml/schema/MARC21slim.xsd"
    xmlns="http://www.loc.gov/MARC21/slim">

  <leader>00875cam a2200229 a 4500</leader>
  <controlfield tag="001">000004601</controlfield>
  <controlfield tag="005">20241009115416.0</controlfield>
  <controlfield tag="008">930106s1977    sp       b    001 0 spa  </controlfield>
  <datafield tag="020" ind1=" " ind2=" ">
    <subfield code="a">8437600227</subfield>
  </datafield>
  <datafield tag="040" ind1=" " ind2=" ">
    <subfield code="a">DO-SdBNP</subfield>
    <subfield code="b">spa</subfield>
    <subfield code="c">BNPHU</subfield>
  </datafield>
  <datafield tag="082" ind1=" " ind2=" ">
    <subfield code="a">860.9</subfield>
    <subfield code="b">L431e, 1977</subfield>
  </datafield>
  <datafield tag="100" ind1="1" ind2=" ">
    <subfield code="a">L&#xE1;zaro Carreter, Fernando.</subfield>
    <subfield code="9">7731</subfield>
  </datafield>
  <datafield tag="245" ind1="1" ind2="0">
    <subfield code="a">Estilo barroco y personalidad creadora :</subfield>
    <subfield code="b">G&#xF3;ngora, Quevedo, Lope de Vega /</subfield>
    <subfield code="c">Fernando L&#xE1;zaro Carreter.</subfield>
  </datafield>
  <datafield tag="250" ind1=" " ind2=" ">
    <subfield code="a">3a ed.</subfield>
  </datafield>
  <datafield tag="260" ind1=" " ind2=" ">
    <subfield code="a">Madrid :</subfield>
    <subfield code="b">C&#xE1;tedra,</subfield>
    <subfield code="c">1977.</subfield>
  </datafield>
  <datafield tag="300" ind1=" " ind2=" ">
    <subfield code="a">201 p. ;</subfield>
    <subfield code="c">21 cm.</subfield>
  </datafield>
  <datafield tag="650" ind1=" " ind2="0">
    <subfield code="a">Literatura</subfield>
    <subfield code="9">3439</subfield>
  </datafield>
  <datafield tag="600" ind1="1" ind2="4">
    <subfield code="a">G&#xD3;NGORA Y ARGOTE, LUIS DE,</subfield>
    <subfield code="d">1561-1627</subfield>
    <subfield code="x">CR&#xCD;TICA E INTERPRETACI&#xD3;N</subfield>
    <subfield code="9">13417</subfield>
  </datafield>
  <datafield tag="600" ind1="1" ind2="4">
    <subfield code="a">QUEVEDO, FRANCISCO DE,</subfield>
    <subfield code="d">1580-1645</subfield>
    <subfield code="x">CR&#xCD;TICA E INTERPRETACI&#xD3;N</subfield>
    <subfield code="9">13418</subfield>
  </datafield>
  <datafield tag="600" ind1="1" ind2="4">
    <subfield code="a">VEGA, L&#xD3;PEZ DE,</subfield>
    <subfield code="d">1562-1635</subfield>
    <subfield code="x">CR&#xCD;TICA E INTERPRETACI&#xD3;N</subfield>
    <subfield code="9">13419</subfield>
  </datafield>
  <datafield tag="650" ind1=" " ind2="4">
    <subfield code="a">Literatura barroca</subfield>
    <subfield code="x">Historia y cr&#xED;tica</subfield>
    <subfield code="9">13420</subfield>
  </datafield>
  <datafield tag="952" ind1=" " ind2=" ">
    <subfield code="0">0</subfield>
    <subfield code="1">0</subfield>
    <subfield code="5">2</subfield>
    <subfield code="7">0</subfield>
    <subfield code="8">MO</subfield>
    <subfield code="a">GR</subfield>
    <subfield code="b">GR</subfield>
    <subfield code="c">CT</subfield>
    <subfield code="d">2009-07-23</subfield>
    <subfield code="i">LF1</subfield>
    <subfield code="l">0</subfield>
    <subfield code="o">860.9 L431e, 1977</subfield>
    <subfield code="p">4601-10</subfield>
    <subfield code="r">2020-06-25</subfield>
    <subfield code="w">2020-06-25</subfield>
    <subfield code="y">2</subfield>
    <subfield code="Z">Pr&#xE9;stamo interno</subfield>
  </datafield>
  <datafield tag="999" ind1=" " ind2=" ">
    <subfield code="c">4409</subfield>
    <subfield code="d">4409</subfield>
  </datafield>
</record>
